01270nam a2200217Ia 4500008004100000020001500041050002500056100003400081240006500115245012700180250001900307260003500326300003600361500007100397504003200468505033000500650006300830650005500893650005600948700004801004120625s2004 mx r 001 0 spa d a9706862846 4aQA76.7 bL6818 20041 aLouden, Kenneth C.e , autor 10aProgramming Languages. Principles and Practice. lEspañol 10aLenguajes de programación b : principios y práctica c / Kenneth C. Louden ; traducción Gabriel Sánchez García  a2a. edición  aMéxicob : Thomson c , 2004 axiv, 633 páginas c ; 23 cm.  aTítulo original: Programming Languages. Principles and Practice  aBibliografía: pp. 617-6240 aHistoria Principios de diseño de los lenguajes Sintaxis Semántica básica Tipos de datos Expresiones y enunciados Procedimientos y ambientes Tipos de datos abstractos y módulos Programación orientada a objetos Programación funcional Programación lógica Semántica formal Programación en paralelo  4aLENGUAJES DE PROGRAMACIÓN (COMPUTADORAS ELECTRÓNICAS)  4aPROGRAMACIÓN ORIENTADA A OBJETOS (COMPUTADORAS)  4aC++ (LENGUAJE DE PROGRAMACIÓN PARA COMPUTADORAS) 1 aSánchez García, Gabriel e , traductor